| 000 | 01842nam a22002537a 4500 | ||
|---|---|---|---|
| 003 | Uzh_bibl | ||
| 008 | 260420b |||||||| |||| 00| 0 ukr d | ||
| 020 |
_a978-617-531--203-2 _c255.00 |
||
| 040 | _bукр. | ||
| 041 |
_2ukr _aukr |
||
| 080 | _a821.(477.87) | ||
| 090 |
_a821.(477.87) _bК37 |
||
| 100 | _aКешеля, Дмитро | ||
| 245 |
_aВесільна феєрія _c- _hТекст |
||
| 260 |
_aУжгород _b"Видавництво Олександри Гаркуші" _c2019 |
||
| 300 |
_a52 с. _bіл. _fВ опр. |
||
| 520 | _aПовість Дмитра Кешелі "Весільна феєрія" однаково цікава, як дітям так і дорослим. Із незміним гумором, вивовижною любов'ю до людей народного фольклору, обрядів і звичаїв закарпатського села письменник розказує нам звично-незвичну історію кохання двох молодят, яка нашпигована різними подіями, приголомшливими пригодами, дитячим сприйняттям дорослої філософії життя. І все це слугує для головного героя твору величним величним уроком правди, справедливості, краси і першого кохання. | ||
| 521 | _aДля молодшого шкільного віку | ||
| 546 | _aукр. | ||
| 650 |
_aКраєзнавча література _xЛітературно-художнє видання |
||
| 653 |
_aІсторія кохання _aНезмінний гумор _aДивовижна любов |
||
| 655 |
_aХудожня література _vПовість |
||
| 942 |
_2udc _cBK |
||
| 999 |
_c17402 _d17402 |
||